000 00799nab a2200241 u 4500
001 15859
003 HDC
007 cr bn ---aaaaa
008 210219c9999 my dr|noo 0 a eng d
040 _aHDC
245 0 _aJapan Eyeing Halal Market, Looking At Malaysia As Base
260 _a[No place] :
_b[publisher not identified],
_c[no year]
336 _atext
_2rdacontent
337 _acomputer
_2rdamedia
338 _aonline resource
_2rdacarrier
650 _aHalal market
_9582
650 _aJapanese food and beverage
_910578
710 _aBernama
856 _zRequest full-text at [email protected]
942 _2lcc
942 _cNEWS
942 _kNWSO 001400
999 _c13175
_d13175